[Event "Linares Anibal op 03rd"]
[Site "Linares"]
[Date "1996.??.??"]
[Round "?"]
[White "Cifuentes Parada, Roberto"]
[Black "Akopian, Vladimir Eduardovic"]
[Result "1/2-1/2"]
[WhiteElo "2490"]
[BlackElo "2620"]
[Annotator "Cifuentes Parada,L"]
[PlyCount "44"]
[EventDate "1996.01.??"]
[EventType "swiss"]
[EventRounds "10"]
[EventCountry "ESP"]
[SourceTitle "CBM 051"]
[Source "ChessBase"]
[SourceDate "1996.04.01"]
[SourceVersion "1"]
[SourceVersionDate "1996.04.01"]
[SourceQuality "1"]

1. d4 d5 2. c4 c6 3. cxd5 cxd5 4. Nc3 Nf6 5. Nf3 Nc6 6. Bf4 Ne4 7. e3 Nxc3 8.
bxc3 g6 9. Ne5 $5 {Andersson,U} (9. Be2 Bg7 10. O-O O-O 11. c4 dxc4 12. Bxc4
Bf5 13. Rc1 Rc8 14. Qe2 a6 15. h3 Na5 16. Bd3 Bxd3 17. Qxd3 Qd7 18. Rc3 b5 $1
19. Rfc1 Nc4 $15 {0-1 Portisch,L-Kramnik,V/Biel (izt) 58/398 1993 (42)}) (9.
Bd3 Bg7 10. O-O O-O 11. e4 Bg4 12. h3 Bxf3 13. Qxf3 e5 14. dxe5 d4 $1 $10) (9.
Bb5 Bg7 10. Ne5 Bxe5 11. Bxe5 O-O 12. Bxc6 bxc6 13. Qa4 Bf5 14. O-O Qb6 $10 {
Ivanov,I-Shabalov,A/New York op/1994/}) 9... Bg7 (9... Qa5 10. Qb3 Bg7 11. Bb5
Bxe5 12. Bxe5 O-O 13. Bg3 $14) 10. Nxc6 bxc6 11. Qa4 O-O $1 {N} (11... Qd7 12.
Be2 O-O 13. O-O Re8 14. Rfd1 e5 15. dxe5 Bxe5 16. Bxe5 Rxe5 17. c4 Qc7 18. cxd5
Rxd5 19. Rxd5 $14 {Andersson,U-Lalic,B/Benasque 1994}) (11... Bd7 $2 12. Ba6
$16) 12. Qxc6 $8 e5 $1 (12... Qa5 13. Bc7 Qa3 14. Bd3 $16) 13. Bxe5 $1 (13.
Qxa8 exf4 $1 (13... Qc7 $2 14. Rc1 $1 Be6 15. Bxe5 Bxe5 16. Qxf8+ Kxf8 17. dxe5
$18) 14. Qxa7 fxe3 15. fxe3 Qh4+ (15... Re8 $5) 16. Kd1 (16. Kd2 Qf2+ 17. Be2
Re8 18. Rae1 Qxe3+ 19. Kc2 Bf5+ 20. Kb3 Qd2 $19) 16... Qf2 17. Be2 Qxe3 18. Rc1
(18. Qa3 Bg4 $1 19. Bxg4 Qd3+ 20. Ke1 Re8+ 21. Kf2 Bxd4+ $19) 18... Bh6 19. Rc2
Bf5 $19) 13... Bxe5 14. dxe5 Qa5 15. Bd3 Bb7 $6 (15... Be6 $1 16. O-O Rfc8 17.
Qa6 (17. Qd6 Qxc3 18. Rad1 Rc6 19. Qe7 Qxe5 $10) 17... Qxc3 18. Rab1 Qxe5 19.
Rb7 d4 $10) 16. Qxb7 Rab8 (16... Qxc3+ $2 17. Ke2 Rab8 18. Qxd5 $1 Rfd8 (18...
Qb2+ 19. Kf3 Rfd8 20. Qe4 Rb4 21. Rab1 $18) 19. Qc4 Rxd3 20. Qxc3 Rxc3 21. Rhd1
$18) 17. Qa6 Qxc3+ 18. Ke2 Rb6 (18... Rb2+ 19. Kf3 Qxe5 20. g3 $18) 19. Rac1 $1
(19. Qxa7 Rb2+ 20. Kf3 Qxd3 21. Kg3 Qf5 22. Raf1 Rxf2 $1 23. Rxf2 Qg5+ 24. Kf3
Qf5+ 25. Ke2 Qc2+ $10) 19... Qb2+ 20. Rc2 $8 Qxc2+ 21. Bxc2 Rxa6 22. Bb3 Rc6
$14 1/2-1/2

[Event "EU-chT (Men) 14th"]
[Site "Plovdiv"]
[Date "2003.10.12"]
[Round "2.2"]
[White "Georgiev, Vladimir"]
[Black "Dautov, Rustem"]
[Result "0-1"]
[WhiteElo "2596"]
[BlackElo "2610"]
[Annotator "Dautov,R"]
[PlyCount "86"]
[EventDate "2003.10.10"]
[EventType "team-swiss"]
[EventRounds "9"]
[EventCountry "BUL"]
[SourceTitle "CBM 098"]
[Source "ChessBase"]
[SourceDate "2004.02.03"]
[SourceVersion "1"]
[SourceVersionDate "2004.02.03"]
[SourceQuality "1"]
[WhiteTeam "Macedonia"]
[BlackTeam "Germany"]
[WhiteTeamCountry "MKD"]
[BlackTeamCountry "GER"]

{[%mdl 32768]} 1. d4 d5 2. c4 c6 3. cxd5 cxd5 4. Nc3 Nf6 5. Bf4 Nc6 6. e3 a6 7.
Rc1 Bf5 8. Nf3 Rc8 9. Ne5 e6 {Schlechter wäre 9...Nxe5, was vor kurzem in
einer Partie von Vl. Georgiev vorkam.} (9... Nxe5 $6 10. dxe5 Ne4 11. Nxe4 Rxc1
12. Qxc1 Bxe4 13. e6 $1 Qa5+ 14. Ke2 fxe6 15. f3 e5 16. Bxe5 Bf5 17. Kf2 Kf7
18. g4 Bd7 19. a3 e6 20. b4 Qa4 21. Bd3 Be7 22. Qb2 $14 {Georgiev,V-Lesiege,A/
Philadelphia 2003}) 10. g4 $6 $146 {Als mein Gegner die Abtauschvariante
wählte , war ich von seinen friedlichen Absichten ausgegangen, deswegen
überraschte mich der Textzug etwas. Es ist allerdings eine Neuerung. In den
meisten Partien wurde 10.Qb3 gespielt, wonach Schwarz eine ausgeglichene
Stellung erreicht.} (10. Bxa6 $2 bxa6 11. Qa4 Qb6 12. O-O Nd7 13. Nxd5 exd5 14.
Nxc6 (14. Rxc6 Rxc6 15. Nxc6 Bd3 $17) 14... Ra8 $17) (10. Qb3 Nxe5 11. Bxe5 (
11. dxe5 $2 Nd7 $15) 11... Qd7 $11) 10... Nxe5 {"Es kann nicht sein, daß all
die Weißspieler diesen Zug unentdeckt gelassen hätten, wenn er gut wäre",
tröstete ich mich, nachdem der erste Schock vorbei war. Die Partiefortsetzung
kam mir sehr plausibel vor.} (10... Bg6 $5 11. h4 {hielt ich während der
Partie gefährlich für Schwarz, aber FRITZ findet eine gute
Gegenspielmöglichkeit} Qb6 $1 $132) 11. gxf5 (11. dxe5 $2 Nxg4 $17) 11... Nc4
12. fxe6 fxe6 13. Qb3 {Weiß deckt b2 und möchte mit Bf1-h3 die Schwäche e6
angreifen, aber mein nächster Zug macht ihm einen Strich durch die Rechnung.} (
13. b3 $2 Bb4 14. bxc4 Bxc3+ 15. Rxc3 Qa5 $17) (13. Bh3 $2 Nxb2 14. Qc2 Bb4 15.
Qxb2 Bxc3+ 16. Rxc3 Qa5 17. O-O Qxc3 18. Qxb7 Qc6 $17) 13... Bd6 $1 {
Eigentlich opfere ich ungerne Material, aber hier war es zu verlockend.
Schwarz beendet schnell seine Entwicklung und will den gegnerischen König ins
Visier nehmen.} (13... b5 14. Bh3 Kf7 15. a4 $13) 14. Bxc4 $6 {Konsequent,
aber zu riskant. Weiß sollte sich mit einer etwa ausgeglichenen Stellung nach
14.Bg3 abfinden.} (14. Bg3 b5 (14... O-O $6 15. Bxc4 Rxc4 16. Qxb7 $14) (14...
Na5 $5 15. Qc2 O-O 16. Bd3 Nc4 $11) 15. a4 O-O 16. axb5 axb5 17. Bh3 Qe7 $11)
14... Rxc4 15. Qxb7 ({Kaum besser ist} 15. Bxd6 Qxd6 16. Qxb7 O-O $44) 15...
Bxf4 16. exf4 O-O (16... Nh5 17. f5 $5 O-O 18. fxe6 Nf4 19. Rg1 $13) 17. Qxa6
Nh5 $1 {Der beste Zug. Schwarz opfert den dritten Bauern, bringt aber seinen
Springer auf die aktive Position f4. "Für einen Springer auf f5 (für Schwarz
auf f4) kann man einen Bauern opfern", - der Satz stammt, wenn ich mich nicht
irre, von Kasparov. Des Beweises blieb der Mann vor allem in seinen früheren
Partien nicht schuldig. Weniger versprachen die anderen Züge.} (17... Rxd4 18.
Qxe6+ Kh8 19. O-O Rxf4 $44) (17... Qe7 18. O-O Rxd4 (18... Nh5 $2 19. Ne2) (
18... Ng4 $2 19. h3) 19. Rfe1 Re8 20. Ne2 Rd2 21. b3 $13) (17... Qe8 18. Ne2
Ra4 19. Qb7 Rxa2 20. Qb3 Ra8 $44) 18. Qxe6+ Kh8 19. Kd1 $2 {Es ist
verständlich, daß Georgiev seinen König weg vom Königsflügel haben wollte.
Dennoch war 19.0-0! besser, wie die folgende Variante belegt.} (19. O-O $1 Nxf4
20. Qg4 Rc6 21. Qf3 Rh6 $1 {Mit der Idee 22...Qh4.} 22. Kh1 Rxh2+ $1 (22... Qh4
$2 23. Qg3 Qh5 24. Rce1 $16) (22... Rh3 23. Qg4 Qb6 24. Rce1 Qh6 25. Qg1 $13)
23. Kxh2 Qh4+ 24. Kg1 Nh3+ 25. Kg2 Rxf3 $1 (25... Nf4+ $11) 26. Kxf3 Qf4+ 27.
Ke2 Qxd4 28. Rcd1 $1 (28. Nxd5 $2 Qe4+ 29. Ne3 Nf4+ 30. Ke1 Qb4+ $1 31. Rc3 h5
32. Kd1 Qxb2 33. Rc2 Qd4+ 34. Ke1 Qb4+ 35. Kd1 h4 $17) 28... Qe5+ (28... Qc4+
29. Ke3 $1 Qf4+ 30. Kd3 Qf5+ 31. Ke3) 29. Kd2 $15 {Hier kann Schwarz 29...d4
oder 29...h5 fortfahren, jeweils mit einem kleinen, aber für Gewinn kaum
ausreichenden Vorteil.}) 19... Rxd4+ {Hier habe ich recht viel Zeit investiert,
fand aber den besten Weg.} (19... Nxf4 $2 20. Qe3 Qb6 21. Ne2 Nxe2 22. Rxc4
dxc4 23. Qxe2 Qxd4+ 24. Kc1 $11) 20. Kc2 Nxf4 21. Qe5 (21. Qe3 Rb4 $17 {/\d4})
21... Rb4 $1 {Der Schlüsselzug! Wegen der Drohung 22...Rxb2+ hat Weiß keine
Zeit für die Gegendrohung Rh1-g1.} 22. Rcd1 {Verliert die Qualität, sichert
aber zumindest den König.} (22. b3 Re8 23. Qf5 d4 24. Na4 d3+ 25. Kb1 Ne2 $19 {
führt zum vernichtenden schwarzen Angriff.}) 22... Qb6 23. b3 (23. Kc1 Rxb2 24.
Rhg1 Ng6 $19) 23... Qg6+ $19 24. Kb2 Nd3+ 25. Rxd3 Qxd3 $138 26. Rd1 Qf3 27.
Rd2 d4 28. Nd1 (28. Ne4 Rd8 29. Qc5 Rbb8 30. Rxd4 Qe2+ 31. Nd2 Rdc8 $19) 28...
Ra8 {Schwarz steht auf Gewinn, aber ich mußte noch die Uhr im Blick behalten,
denn die Zeit war knapp.} 29. Qg3 Qf6 30. Qd3 h6 31. a3 Rb6 32. Rc2 (32. Qxd4
Rd8 33. Qxf6 Rxd2+ 34. Kc3 gxf6 35. Kxd2 Rxb3 36. a4 Rh3 $19) 32... Qd6 33. a4
Rab8 34. Ka2 Qxh2 35. a5 (35. Qf5 Qd6 36. Rc8+ Rxc8 37. Qxc8+ Kh7 38. Qf5+ Qg6
$19) 35... Rxb3 36. Qxb3 (36. Qf5 Qh3 $19) 36... Rxb3 37. Kxb3 Qb8+ 38. Ka4 (
38. Kc4 Qc7+ 39. Kd3 Qxa5 $19) 38... Qb1 39. Rc8+ (39. Rd2 Qc1 $19) 39... Kh7
40. a6 Qxd1+ 41. Ka5 Qa1+ 42. Kb6 d3 43. a7 d2 0-1

[Event "Bundesliga 0405"]
[Site "Germany"]
[Date "2005.03.12"]
[Round "12.4"]
[White "Lytchak, Alexander"]
[Black "Dautov, Rustem"]
[Result "0-1"]
[WhiteElo "2436"]
[BlackElo "2623"]
[Annotator "Dautov,R"]
[PlyCount "78"]
[EventDate "2004.11.12"]
[EventType "team-tourn"]
[EventRounds "15"]
[EventCountry "GER"]
[SourceTitle "CBM 106"]
[Source "ChessBase"]
[SourceDate "2005.06.06"]
[SourceVersion "1"]
[SourceVersionDate "2005.06.06"]
[SourceQuality "1"]
[WhiteTeam "Muelheim Nord"]
[BlackTeam "Baden Oos"]
[WhiteTeamCountry "GER"]
[BlackTeamCountry "GER"]

1. d4 Nf6 2. Nf3 d5 3. c4 c6 4. cxd5 cxd5 5. Nc3 Nc6 6. Bf4 a6 7. Rc1 Nh5 $5 {
Eine interessante Alternative zu der Hauptfortsetzung 7...Bf5. Schwarz möchte
den Läufer vertreiben oder abtauschen.} (7... Bf5 8. e3 Rc8) 8. Bd2 (8. Bg3
Nxg3 9. hxg3 e5 $5) (8. Be5 f6 9. Bg3 Nxg3 10. hxg3 e6 (10... e5 $5) 11. e3 g6
12. Bd3 Kf7 13. e4 Nb4 14. Bb1 Kg7 $14 {Velikov,P-Lukov,V/Elenite 1986}) (8.
Bg5 h6 9. Bh4 g5 10. Bg3 Nxg3 11. hxg3 Bg7 $11) 8... e6 {Sollte Schwarz nur an
Remis interessiert sein, kommt 8...Nf6 in Frage.} (8... Nf6 $5 9. e3 Bg4 10.
Qb3 Bxf3 11. gxf3 e6 $11) 9. Ne5 (9. e3 Nf6 10. Bd3 Bd6 11. O-O O-O $11 {
, und diese symmetrische Stellung ist ausgeglichen.}) 9... Nf6 10. Nxc6 (10.
Bf4 Qb6 11. Nxc6 bxc6 $11) 10... bxc6 11. e3 $2 {Dies erlaubt Schwarz den
Vorstoß c6-c5 und damit einen bequemen Ausgleich. Prinzipiell war 11.Na4,
wonach ich 11...Ne4 plante.} (11. Na4 $1 Ne4 $1 12. e3 Rb8 13. Bd3 (13. a3 $5)
13... Nxd2 14. Qxd2 Bb4 15. Nc3 c5 $11) 11... c5 12. dxc5 Bxc5 13. Nb5 $6 {
Mit diesem pseudoaktiven Zu bringt sich Weiß selbst in Gefahr.} (13. Bd3 O-O
14. O-O Bd6 $11) 13... Ne4 $1 (13... Bb6 14. Nd4 Ne4 $1 (14... O-O 15. Nc6 Qd7
16. Bb4 Re8 17. Ne5 Qb7 $11) 15. Bd3 Nxd2 16. Qxd2 O-O 17. O-O Bd7 $11) 14. Bd3
(14. f3 Nxd2 15. Rxc5 Nxf3+ 16. Qxf3 axb5 17. Bxb5+ Bd7 18. O-O O-O 19. Bxd7
Qxd7 20. a3 Qb7 $15) 14... axb5 15. Bxe4 Bd6 $1 {Das Spiel gegen die Schwäche
a2 ist die richtige Entscheidung. Der Bauerngewinn 15...Bxe3 erschien mir
wenig aussichtsreich.} (15... dxe4 16. Rxc5 Rxa2 17. Qb1 Ra7 18. Qxe4 O-O 19.
Qc2 $11) (15... Bxe3 16. Bxe3 dxe4 17. Qxd8+ Kxd8 18. O-O Ke7 19. Rc7+ Kf6 20.
a3 $44 {/\f3 , und die schwarzen Figuren sind sehr passiv.}) 16. Bd3 b4 17. Qb3
(17. Qg4 $2 O-O 18. Bxb4 $2 e5 $19) 17... Rb8 $1 ({Das Endspiel nach} 17... Qe7
18. Bb5+ Bd7 19. Bxd7+ Qxd7 20. Bxb4 Rb8 21. a3 Bxb4+ 22. axb4 Qb5 23. f3 O-O
24. Kf2 Qxb4 25. Qxb4 Rxb4 26. Rc2 Rfb8 27. Rb1 $15 {ist remislich.}) 18. Rc6
$2 (18. O-O O-O (18... Bd7 $5 $15) 19. Rc6) 18... O-O $2 {Mit 18...Bb7! könnte
ich den gegnerischen Fehler ausnutzen.} (18... Bb7 $1 19. Rxd6 (19. Rc2 O-O 20.
Bxb4 $2 d4 $1 $17) 19... Qxd6 20. Bxb4 Qb6 21. O-O Ba6 22. a3 Bxd3 23. Qxd3 f5
24. Rc1 Kf7 $15) 19. O-O Re8 {/\Bb7} 20. Ba6 (20. Rfc1 Bb7 21. R6c2 Qe7 $15)
20... Bxa6 21. Rxa6 Qc7 {Der Vorteil von Schwarz ist außer Frage: der weiße
Damenflügel ist durch den starken Bauern b4 lahmgelegt, und der Bd2 ist sehr
passiv.} (21... Qe7 22. Rc1 Rec8 23. Rac6 Rxc6 24. Rxc6 Ra8 $15) 22. g3 Bf8 23.
Rc1 Qb7 (23... Qe5 $5 $15 {/\Qe4}) 24. Rac6 Qb5 {Hier steht die schwarze Dame
sicher und aktiv.} 25. Qd1 $6 $138 {Diese Überführung der Dame wird Weiß
lediglich den Bauern a2 kosten. Die Dame stand sehr gut auf b3, Lytchak sollte
bei der Abwartetaktik bleiben.} (25. Rc7 Red8 26. Kg2 $15) 25... Red8 26. Qf3
$2 (26. Qb3 $1 $15) 26... Qd3 $17 27. Be1 Ra8 28. Rc7 Qg6 29. b3 {Zäher war 29.
Ra1.} (29. Ra1 $17) 29... Rxa2 30. Qf4 (30. Rb7 Rb2 31. Bxb4 Rxb3 32. Be7 Rxb7
33. Bxd8 $17) 30... Qf6 $2 {Stärker war 30...Qh5!} (30... Qh5 $1 31. Qd4 Qf5
32. Rb7 e5 33. Qb6 Rda8 34. Rb8 Rxb8 35. Qxb8 $17) 31. Qxf6 gxf6 32. Rb7 Rb2
33. Rcc7 $2 {In Zeitnot bricht Weiß zusammen. Mit 33.Bxb4! sollte er zumindest
die Damenflügelbauern auflösen.} (33. Bxb4 $1 Rxb3 34. Be7 Rxb7 35. Bxd8 Kg7
$17) 33... Rxb3 $19 34. Kg2 Rb1 35. Bd2 Rb2 36. Bc1 Ra2 37. e4 (37. Rxf7 Rc8
38. Rxf6 Rac2 $19) 37... d4 38. Rxf7 Rc2 39. Bf4 e5 0-1

[Event "Bundesliga 9798"]
[Site "Germany"]
[Date "1997.12.07"]
[Round "6.1"]
[White "Dautov, Rustem"]
[Black "Movsesian, Sergei"]
[Result "1/2-1/2"]
[WhiteElo "2595"]
[BlackElo "2555"]
[Annotator "Dautov,R"]
[PlyCount "135"]
[EventDate "1997.10.18"]
[EventType "team-tourn"]
[EventRounds "15"]
[EventCountry "GER"]
[SourceTitle "CBM 062"]
[Source "ChessBase"]
[SourceDate "1998.01.31"]
[SourceVersion "1"]
[SourceVersionDate "1998.01.31"]
[SourceQuality "1"]
[WhiteTeam "St Ingbert"]
[BlackTeam "Neukoelln"]
[WhiteTeamCountry "GER"]
[BlackTeamCountry "GER"]

1. d4 d5 2. c4 c6 3. Nf3 Nf6 4. Nc3 a6 5. Ne5 b5 6. cxd5 cxd5 7. Bf4 e6 8. e3
Nbd7 9. Bd3 Nxe5 (9... Bb7 10. O-O Be7 11. a4 b4 12. Ne2 Rc8 13. a5 O-O 14. Nc1
Nxe5 15. Bxe5 Ne4 16. Nb3 Rc6 17. f3 Nf6 18. Qd2 Nd7 19. Bg3 $14 {Huebner,
R-Pieper Emden,C/BL 1991}) 10. Bxe5 Bd6 (10... Nd7 11. Bg3 Nb6 12. O-O Bd7 13.
e4 b4 14. Ne2 dxe4 15. Bxe4 Ra7 16. Nf4 Be7 17. Qf3 $16 {Gofshtein,L-Hodgson,J/
Ischia 1996}) 11. O-O O-O 12. f4 (12. a4 b4 13. Na2 Bb7 14. Bxd6 Qxd6 15. Nc1
$14) 12... Bb7 (12... b4 $6 13. Na4 {><c5}) 13. Rf3 $1 (13. Qf3 Bb4 $5 (13...
Rc8 14. a3 Qe7 15. Bxd6 (15. g4 Bxe5 16. fxe5 Nd7 17. Qh3 h6 $13) 15... Qxd6
16. g4 Qc6 $132) 14. f5 Bxc3 15. bxc3 Ne4 16. fxe6 (16. f6 $2 Nxf6) (16. Bxe4
dxe4 17. Qg3 f6 18. Bd6 Re8) 16... fxe6 17. Qg4 Qe7 18. Bxe4 dxe4 $11) 13... g6
(13... Ne4 14. Bxe4 dxe4 15. Rh3 f6 16. Bxd6 Qxd6 17. Qh5 h6 18. Rg3 $16) 14.
Rh3 Bxe5 $1 (14... Ne4 $4 15. Nxe4 dxe4 (15... Bxe5 16. Nc5) 16. Qh5 $1 $18)
15. fxe5 Ne4 16. Bxe4 (16. Qg4 $2 Nxc3 17. bxc3 Rc8 18. Qf4 f5 $17) 16... dxe4
{צh3} 17. Qe1 $1 (17. Qg4 f5 18. exf6 Qxf6 $132) (17. Qb3 Bd5 18. Nxd5 Qxd5
$15 {<->c}) 17... Rc8 18. a3 f5 19. exf6 Qxf6 20. Rh4 {><e4} g5 (20... Qg5 21.
Rd1 $1 (21. Qg3 Qxg3 22. hxg3 a5 23. Nxb5 Rc2 $11) 21... Rf3 (21... h5 22. Nxe4
Bxe4 23. Rxe4 Rc2 24. Rd2 Rfc8 25. Re5 $16) (21... Qf5 22. Rf4 $16) 22. Nxe4
Qxe3+ $2 (22... Bxe4 23. Rxe4 Rc2 24. Rd2 $16) 23. Qxe3 Rxe3 24. Nc5 Bd5 25.
Kf2 $18) 21. Qg3 (21. Rg4 h5 22. Nxe4 (22. Rg3 {צg3}) 22... Bxe4 23. Rxe4 Rc2
24. Re5 {/\Qg3} h4 25. h3 (25. b4 Rxg2+ 26. Kxg2 Qf3+ 27. Kg1 Qg4+ $11) 25...
Rxb2 26. Rc1 $14) 21... Qf2+ $1 (21... Kh8 22. Rg4 h6 23. h4 $16) (21... Qg7
22. Rg4 Rf5 23. h4 h6 24. hxg5 hxg5 25. Rf1 $16) 22. Qxf2 Rxf2 23. Kxf2 gxh4
24. Rc1 (24. Kg1 Bd5 25. Rf1 a5 26. Nxb5 Rc2) 24... Bd5 25. Ne2 $2 (25. Ke1 $1
Kf7 26. Rc2 $1 (26. Kd2 Rg8 27. Rf1+ Ke7 28. Rf2 Bc6 $14) 26... Kg6 27. Rf2 $16
{/\Rf4}) 25... Rxc1 26. Nxc1 Bc4 27. Ke1 $14 Kf7 28. b3 Bd5 29. Kd2 Kf6 30. Kc3
a5 31. Ne2 (31. h3 Kf5 32. Na2 $14 {/\Kc2,Nc3}) 31... Kf5 32. h3 Kf6 33. Kc2
Kf5 (33... b4 $5 34. axb4 axb4 35. Nc1 Bc6 36. Kd2 Bd5 $11) 34. Nc3 Bc6 35. b4
axb4 36. axb4 Kf6 37. Kd2 Kf5 38. Ke1 Kg5 39. Kf2 h5 $1 $11 40. Kg1 (40. g3
hxg3+ 41. Kxg3 h4+ $11) 40... Kf5 41. Kf2 Kg5 42. Ke2 Kf5 43. Kd2 Kf6 44. Nb1
Ke7 45. Kc2 Bd5 46. Na3 Bc6 47. Kc3 Kd6 48. Kd2 Ke7 49. Kc3 Kd6 50. Kd2 Ke7 51.
d5 exd5 (51... Bxd5 52. Nxb5 Bc4 53. Nd4 Bf1 54. b5 Kd7 55. b6 e5 $1 56. Ne6
Kc6 $11) 52. Kc3 Ke6 $1 53. Kd4 Kd6 54. Nb1 Bd7 55. Nc3 Bc6 56. Ne2 Be8 57. Nc3
Bc6 58. Ne2 Be8 59. g3 hxg3 60. Nxg3 Bd7 61. Nxh5 Bxh3 62. Nf6 Be6 63. Ne8+ Kd7
64. Nf6+ Kd6 65. Nh5 Bg4 66. Nf4 Be6 67. Ne2 Bd7 68. Nc3 1/2-1/2